Normal view
MARC view
Entry Personal Name
001 - CONTROL NUMBER
- control field: 17192
003 - CONTROL NUMBER IDENTIFIER
- control field: BD-RjUL
005 - DATE AND TIME OF LATEST TRANSACTION
- control field: 20251015143120.0
008 - FIXED-LENGTH DATA ELEMENTS
- fixed length control field: 251015|| aca||aabn | a|a d
040 ## - CATALOGING SOURCE
- Original cataloging agency: BD-RjUL
- Transcribing agency: BD-RjUL
100 ## - HEADING--PERSONAL NAME
- Personal name: Browning, Robert,
- Dates associated with a name: 1812-1889
670 ## - SOURCE DATA FOUND
- Source citation: Work cat.: (BD-RjUL)85866: Browning, Robert, 1812-1889., The works of Robert Browning,, 1912.